书目信息 |
| 题名: |
汽车制造工艺
|
|
| 作者: | 何耀华 主编 | |
| 分册: | ||
| 出版信息: | 北京 机械工业出版社 2019.1 |
|
| 页数: | 10,254页 | |
| 开本: | 26cm | |
| 丛书名: | ||
| 单 册: | ||
| 中图分类: | U466 | |
| 科图分类: | ||
| 主题词: | 汽车--生产工艺--高等教育--教材 , 汽车 | |
| 电子资源: | ||
| ISBN: | 978-7-111-37367-4 | |
| 000 | 01028nam0 2200277 45 | |
| 001 | 012001000639 | |
| 005 | 20130911163603.0 | |
| 010 | @a978-7-111-37367-4@dCNY39.80 | |
| 090 | @aU466@bhyh | |
| 096 | @aU466@bhyh | |
| 100 | @a20120509d2012 em y0chiy50 ea | |
| 101 | 0 | @achi |
| 102 | @aCN@b110000 | |
| 105 | @aa z 000yy | |
| 106 | @ar | |
| 200 | 1 | @a汽车制造工艺@b专著@f何耀华主编@Aqi che zhi zao gong yi |
| 210 | @a北京@c机械工业出版社@d2019.1 | |
| 215 | @a10,254页@c照片,图@d26cm | |
| 300 | @a普通高等教育汽车类“十二五”规划教材 | |
| 330 | @a本书针对汽车产业模式由过去的企业内部配套转换为现在的社会化配套这一重要特点,以汽车整车制造为中心,重点介绍了汽车整车制造的冲压、焊装、涂装和总装四大工艺;对于汽车零部件的制造工艺,介绍了具有广泛代表性的毛坯件的制造工艺、典型零件的加工工艺和零件表面强化工艺。 | |
| 606 | 0 | @a汽车@x生产工艺@x高等教育@j教材 |
| 606 | 0 | @a汽车 |
| 690 | @aU466@v5 | |
| 701 | 0 | @a何耀华@f(1969~)@4主编@Ahe yao hua |
| 801 | 0 | @aCN@bBJSDL@c20211011 |
| 905 | @b1335604-7@dU466@e1053@f4 | |
| 汽车制造工艺/何耀华主编.-北京:机械工业出版社,2019.1 |
| 10,254页:照片,图;26cm |
| 普通高等教育汽车类“十二五”规划教材 |
| ISBN 978-7-111-37367-4:CNY39.80 |
| 本书针对汽车产业模式由过去的企业内部配套转换为现在的社会化配套这一重要特点,以汽车整车制造为中心,重点介绍了汽车整车制造的冲压、焊装、涂装和总装四大工艺;对于汽车零部件的制造工艺,介绍了具有广泛代表性的毛坯件的制造工艺、典型零件的加工工艺和零件表面强化工艺。 |
| ● |
| 相关链接 |
|
|
|
|
正题名:汽车制造工艺
索取号:U466/1053
 
预约/预借
| 序号 | 登录号 | 条形码 | 馆藏地/架位号 | 状态 | 备注 |
| 1 | 1335604 | 213356045 | 第二样本阅览室/ [索取号:U466/1053] | 在馆 | |
| 2 | 1335605 | 213356054 | 第三借阅区/ [索取号:U466/1053] | 在馆 | |
| 3 | 1335606 | 213356063 | 第三借阅区/ [索取号:U466/1053] | 在馆 | |
| 4 | 1335607 | 213356072 | 第三借阅区/ [索取号:U466/1053] | 在馆 |